The third man (Record no. 72414)

MARC details
000 -LEADER
fixed length control field 01339cam a2200217 4500
001 - CONTROL NUMBER
control field ABS66512
008 - FIXED-LENGTH DATA ELEMENTS--GENERAL INFORMATION
fixed length control field 030401n2003 000 0 eng u
035 ## - SYSTEM CONTROL NUMBER
System control number (Sirsi) u121856
100 ## - MAIN ENTRY--PERSONAL NAME
Personal name Capper, P.
245 #4 - TITLE STATEMENT
Title The third man
260 ## - PUBLICATION, DISTRIBUTION, ETC.
Date of publication, distribution, etc. 2003
490 ## - SERIES STATEMENT
Series statement New Civil Engineer
Volume/sequential designation 27 March 2003, 22-23(2)
520 ## - SUMMARY, ETC.
Summary, etc. Describes the process of arbitration as a means of dispute resolution. Advantages of arbitration include its flexibility in relation to international contracts and the ability to tailor arbitration to meet the needs of the parties. Briefly looks at the Arbitration Act 1996 and examines the issues that parties should consider when drafting an arbitration clause. Looks at the two types of arbitration, administered and ad hoc, the tribunal, the scope of the arbitration clause, the place of the arbitration, the language of the arbitration and key elements of procedure. Concludes that a well thought out arbitration process can be satisfactory, despite bad experiences in the engineering and building industries.
590 ## - LOCAL NOTE (RLIN)
Local note ABS
650 ## - SUBJECT ADDED ENTRY--TOPICAL TERM
Topical term or geographic name entry element MANAGEMENT-DISPUTE AVOIDANCE, MANAGEMENT AND RESOLUTION-DISPUTE MANAGEMENT AND RESOLUTION-ARBITRATION
650 ## - SUBJECT ADDED ENTRY--TOPICAL TERM
Topical term or geographic name entry element ARBITRATION AGREEMENTS
650 ## - SUBJECT ADDED ENTRY--TOPICAL TERM
Topical term or geographic name entry element ARBITRATION ACT 1996
650 ## - SUBJECT ADDED ENTRY--TOPICAL TERM
Topical term or geographic name entry element ARBITRATION CLAUSES
690 ## - LOCAL SUBJECT ADDED ENTRY--TOPICAL TERM (OCLC, RLIN)
Topical term or geographic name as entry element Dispute resolution
9 (RLIN) 6236
942 ## - ADDED ENTRY ELEMENTS (KOHA)
Suppress in OPAC 0
Holdings
Withdrawn status Lost status Source of classification or shelving scheme Damaged status Not for loan Home library Current library Shelving location Date acquired Total Checkouts Full call number Barcode Date last seen Copy number Price effective from Koha item type
    Dewey Decimal Classification     London London Journal article 01/04/2003   ABS66512 121856-1001 06/08/2019 1 06/08/2019 Journal article